<?xml version="1.0" encoding="UTF-8"?>
<record
    xmlns:xsi="http://www.w3.org/2001/XMLSchema-instance"
    xsi:schemaLocation="http://www.loc.gov/MARC21/slim http://www.loc.gov/standards/marcxml/schema/MARC21slim.xsd"
    xmlns="http://www.loc.gov/MARC21/slim">

  <leader>00662nam a22001697a 4500</leader>
  <controlfield tag="003">OSt</controlfield>
  <controlfield tag="005">20130926122227.0</controlfield>
  <controlfield tag="008">130531s1948    sp ||||| |||| 00| 0 spa d</controlfield>
  <datafield tag="040" ind1=" " ind2=" ">
    <subfield code="c">CDMR</subfield>
  </datafield>
  <datafield tag="100" ind1="1" ind2=" ">
    <subfield code="9">3607</subfield>
    <subfield code="a">Masriera, Luis</subfield>
  </datafield>
  <datafield tag="245" ind1="1" ind2="4">
    <subfield code="a">Una biograf&#xED;a de D. Manuel Rodr&#xED;guez Codol&#xE1;</subfield>
    <subfield code="c">D. Luis Masriera</subfield>
  </datafield>
  <datafield tag="260" ind1=" " ind2=" ">
    <subfield code="a">Barcelona</subfield>
    <subfield code="b">Real Academia Catalana de Bellas Artes de San Jorge</subfield>
    <subfield code="c">1948</subfield>
  </datafield>
  <datafield tag="300" ind1=" " ind2=" ">
    <subfield code="a">10 p.</subfield>
  </datafield>
  <datafield tag="500" ind1=" " ind2=" ">
    <subfield code="a">Transcripci&#xF3; del parlament de Luis Masriera a la sessi&#xF3; p&#xFA;blica del dia 5 de juny de 1948 a la Real Academia Catalana de Bellas Artes de San Jorge</subfield>
  </datafield>
  <datafield tag="600" ind1="1" ind2=" ">
    <subfield code="9">3606</subfield>
    <subfield code="a">Rodr&#xED;guez Codol&#xE1;, Manuel</subfield>
    <subfield code="d">1872-1946</subfield>
    <subfield code="v">Biografia</subfield>
  </datafield>
  <datafield tag="942" ind1=" " ind2=" ">
    <subfield code="2">udc</subfield>
    <subfield code="c">FULLET</subfield>
  </datafield>
  <datafield tag="999" ind1=" " ind2=" ">
    <subfield code="c">6368</subfield>
    <subfield code="d">6368</subfield>
  </datafield>
  <datafield tag="952" ind1=" " ind2=" ">
    <subfield code="0">0</subfield>
    <subfield code="1">0</subfield>
    <subfield code="4">0</subfield>
    <subfield code="7">0</subfield>
    <subfield code="a">CDMR</subfield>
    <subfield code="b">CDMR</subfield>
    <subfield code="d">2013-01-16</subfield>
    <subfield code="l">0</subfield>
    <subfield code="o">Du 1/127</subfield>
    <subfield code="p">CDMR13056575</subfield>
    <subfield code="r">2013-05-31</subfield>
    <subfield code="w">2013-05-31</subfield>
    <subfield code="y">RES</subfield>
  </datafield>
</record>
